[Event "National op"]
[Site "Las Vegas USA"]
[Date "1993.??.??"]
[Round "3"]
[White "Brodie, Hugh"]
[Black "Naiser, David"]
[Result "0-1"]
[WhiteElo "1975"]
[BlackElo "2105"]
[PlyCount "107"]
[EventDate "1993.??.??"]
[EventType "swiss"]
[EventRounds "6"]
[EventCountry "USA"]

1. e4 c5 2. Nf3 d6 3. c3 Nf6 4. Bd3 Nc6 5. Bc2 e5 6. d4 Qc7 7. dxc5 dxc5 8. O-O
Bg4 9. Nbd2 O-O-O 10. Qe2 Be7 11. Nc4 Nh5 12. h3 Be6 13. Rd1 Rxd1+ 14. Bxd1 Nf4
15. Bxf4 exf4 16. Bb3 g5 17. Ncd2 h5 18. Bxe6+ fxe6 19. Ne1 Ne5 20. Nc4 g4 21.
Nxe5 Qxe5 22. hxg4 hxg4 23. Qxg4 Qxe4 24. Nf3 Qh7 25. Qxe6+ Kc7 26. Qh3 Qxh3
27. gxh3 Rxh3 28. Kg2 Rh7 29. Rd1 Rg7+ 30. Kf1 Bd6 31. c4 Kc6 32. Re1 b5 33. b3
bxc4 34. bxc4 Rb7 35. Re2 a5 36. Rc2 a4 37. Ke2 Kd7 38. Ne1 Ke6 39. Nd3 Kf5 40.
f3 Re7+ 41. Kf2 Re3 42. Nb2 Ra3 43. Nd1 Be5 44. Kg2 Bd4 45. Nf2 Bxf2 46. Kxf2
Ke5 47. Re2+ Kd4 48. Re4+ Kd3 49. Rxf4 Rxa2+ 50. Kg3 a3 51. Rf8 Kxc4 52. f4 Ra1
53. Kf2 a2 54. Ra8 0-1

[Event "National op"]
[Site "Las Vegas USA"]
[Date "1993.??.??"]
[Round "4"]
[White "Saba, John"]
[Black "Brodie, Hugh"]
[Result "1/2-1/2"]
[WhiteElo "2035"]
[BlackElo "1975"]
[PlyCount "118"]
[EventDate "1993.??.??"]
[EventType "swiss"]
[EventRounds "6"]
[EventCountry "USA"]

1. c4 f5 2. Nc3 Nf6 3. g3 e6 4. Bg2 d5 5. cxd5 exd5 6. d4 c6 7. Nf3 Bd6 8. O-O
O-O 9. Ne5 Qe7 10. f4 Nbd7 11. e3 Ne4 12. Bd2 Ndf6 13. Rc1 Be6 14. Rc2 Bf7 15.
Bf3 Rac8 16. Bc1 Rc7 17. Rg2 Qe8 18. Kh1 Bh5 19. Bxh5 Qxh5 20. Qxh5 Nxh5 21. g4
Nxc3 22. bxc3 fxg4 23. Nxg4 Nf6 24. Nh6+ Kh8 25. Nf5 Ne4 26. Nxd6 Nxd6 27. Ba3
Rf6 28. Bxd6 Rxd6 29. Rg5 Re7 30. Re5 Rde6 31. Rf3 Kg8 32. Kg2 Kf7 33. Rg3 g6
34. Kf3 Kf6 35. h4 h6 36. e4 dxe4+ 37. Kxe4 c5 38. Rf3 cxd4 39. cxd4 Ra6 40. a3
Rd7 41. Rc3 Ra4 42. Rd3 Rd6 43. Rb5 Rda6 44. Rxb7 Rxa3 45. Rbb3 Re6+ 46. Kf3
Rxb3 47. Rxb3 a5 48. Ra3 Ra6 49. Ra4 Kf5 50. d5 g5 51. hxg5 hxg5 52. fxg5 Kxg5
53. Ke4 Kf6 54. Kd4 Ke7 55. Kc5 Kd7 56. Kb5 Ra8 57. Kc5 Ra6 58. Rh4 a4 59. Rh7+
Kd8 1/2-1/2

[Event "National op"]
[Site "Las Vegas USA"]
[Date "1993.??.??"]
[Round "5"]
[White "Mathys, David"]
[Black "Brodie, Hugh"]
[Result "1-0"]
[WhiteElo "2115"]
[BlackElo "1975"]
[PlyCount "123"]
[EventDate "1993.??.??"]
[EventType "swiss"]
[EventRounds "6"]
[EventCountry "USA"]

1. e4 c5 2. Nf3 Nc6 3. d4 cxd4 4. Nxd4 g6 5. c4 Bg7 6. Be3 Nf6 7. Nc3 Ng4 8.
Qxg4 Nxd4 9. Qd1 e5 10. Be2 O-O 11. O-O d6 12. Nd5 f5 13. f3 Qh4 14. Bf2 Qd8
15. Qd2 Be6 16. Rac1 Rc8 17. Bd3 fxe4 18. Bxe4 Qd7 19. Kh1 Kh8 20. Be3 b6 21.
Rfd1 Qf7 22. b3 Rc5 23. Nb4 Rc7 24. Nc2 Nxc2 25. Rxc2 Rd8 26. Bd5 Kg8 27. Qb4
Bf8 28. Rcd2 Rdc8 29. Kg1 Kg7 30. a4 Be7 31. a5 bxa5 32. Qxa5 Bxd5 33. Rxd5 Rb7
34. Rb5 Rxb5 35. Qxb5 Bf8 36. Ra1 Rc7 37. Qb8 Rb7 38. Qxb7 Qxb7 39. Rxa7 Qxa7
40. Bxa7 Kf7 41. Kf2 Ke6 42. Ke3 d5 43. c5 Kd7 44. b4 Kc6 45. Bb8 Bg7 46. Kd3
Kb5 47. Kc2 Bf6 48. f4 exf4 49. Bxf4 g5 50. Bd6 h5 51. Kd3 Kc6 52. h3 g4 53.
hxg4 hxg4 54. Bf4 Kb5 55. Bd2 Bg7 56. Bc3 Bh6 57. Be5 Bc1 58. Kd4 Kc6 59. b5+
Kxb5 60. Kxd5 Bd2 61. c6 Kb6 62. Kd6 1-0

[Event "CAN-op"]
[Site "Scarborough CAN"]
[Date "1992.??.??"]
[Round "1"]
[White "Brodie, Hugh"]
[Black "Blackman, Gord"]
[Result "1/2-1/2"]
[WhiteElo "2095"]
[BlackElo "1885"]
[PlyCount "160"]
[EventDate "1992.07.18"]
[EventType "swiss"]
[EventRounds "10"]
[EventCountry "CAN"]

1. f4 Nf6 2. Nf3 d5 3. e3 e6 4. b3 c5 5. Bb2 Be7 6. Ne5 Bd7 7. Be2 Nc6 8. O-O
O-O 9. d3 a6 10. Qe1 Ne8 11. Nd2 f6 12. Ng4 d4 13. e4 f5 14. exf5 exf5 15. Ne5
Nxe5 16. fxe5 Bg5 17. Nf3 Be3+ 18. Kh1 Nc7 19. Qa5 Ne6 20. Qe1 Bc6 21. Bc1 f4
22. c3 Bxc1 23. Rxc1 Qe7 24. cxd4 Nxd4 25. Nxd4 cxd4 26. Bf3 Bxf3 27. Rxf3 Rae8
28. Qe4 Qxe5 29. Qxb7 a5 30. h3 Rf7 31. Qb6 Rf6 32. Qc5 g5 33. Kg1 Rf5 34. Qc4+
Qd5 35. Rf2 Rfe5 36. Rfc2 Rd8 37. Kf2 Kg7 38. Qxd5 Rexd5 39. Re1 Kf6 40. Re4
R8d7 41. Rc4 h5 42. h4 Kf5 43. hxg5 Kxg5 44. Kf3 R7d6 45. Rxf4 Rd7 46. g3 Rd8
47. a3 Rb8 48. b4 axb4 49. axb4 Rbd8 50. Rc5 Rxc5 51. bxc5 Rd5 52. c6 Rc5 53.
Rxd4 Rxc6 54. Rd5+ Kg6 55. d4 Rc3+ 56. Kf4 Rc6 57. Re5 Rc3 58. d5 Rc4+ 59. Re4
Rc5 60. Ke5 Kf7 61. Re3 Ra5 62. Rc3 Ra7 63. Rf3+ Ke7 64. d6+ Ke8 65. Ke6 Rg7
66. Rf6 Rh7 67. Rg6 Rh8 68. Rg7 h4 69. gxh4 Rh6+ 70. Kd5 Rxh4 71. Kc6 Rc4+ 72.
Kd5 Rc1 73. Rg5 Kd7 74. Rg7+ Kd8 75. Rh7 Rc2 76. Kd4 Rc1 77. Ke5 Re1+ 78. Kd5
Rd1+ 79. Kc6 Rc1+ 80. Kd5 Rd1+ 1/2-1/2

[Event "CAN-op"]
[Site "Scarborough CAN"]
[Date "1992.??.??"]
[Round "2"]
[White "Baltgailis, Vesma"]
[Black "Brodie, Hugh"]
[Result "0-1"]
[WhiteElo "1890"]
[BlackElo "2095"]
[PlyCount "94"]
[EventDate "1992.07.18"]
[EventType "swiss"]
[EventRounds "10"]
[EventCountry "CAN"]

1. c4 f5 2. g3 Nf6 3. Bg2 e6 4. e3 d5 5. b3 c6 6. Ne2 Bd6 7. O-O O-O 8. Bb2
Nbd7 9. Nbc3 Qe7 10. Rb1 Ne5 11. d3 Bd7 12. c5 Bc7 13. b4 Neg4 14. h3 Nh6 15.
f4 e5 16. Re1 Rae8 17. Bc1 Nf7 18. Qa4 a6 19. Bd2 Nd8 20. Qb3 Kh8 21. Na4 Qf7
22. Nb6 Re7 23. Nxd7 Nxd7 24. a4 Ne6 25. Qb2 exf4 26. exf4 Nf6 27. Bc3 Kg8 28.
Nd4 Nxd4 29. Rxe7 Qxe7 30. Re1 Ne6 31. b5 axb5 32. axb5 Qxc5+ 33. d4 Qe7 34.
bxc6 bxc6 35. Qe2 Ne4 36. Bxe4 fxe4 37. Rc1 Bb6 38. Qb2 Qa7 39. Rd1 Rb8 40. Kg2
Bxd4 41. Qc2 Qc5 42. Rc1 Qxc3 43. Qxc3 Bxc3 44. Rxc3 Rb2+ 45. Kf1 Nd4 46. Ra3
Nf3 47. g4 d4 0-1

[Event "CAN-op"]
[Site "Scarborough CAN"]
[Date "1992.??.??"]
[Round "3"]
[White "Brodie, Hugh"]
[Black "Solunac, Steve"]
[Result "1-0"]
[WhiteElo "2090"]
[BlackElo "1800"]
[PlyCount "57"]
[EventDate "1992.07.18"]
[EventType "swiss"]
[EventRounds "10"]
[EventCountry "CAN"]

1. f4 Nf6 2. Nf3 d5 3. e3 e6 4. b3 c5 5. Bb2 Nc6 6. Bb5 Bd6 7. O-O Bd7 8. Bxc6
Bxc6 9. Ne5 Qc7 10. d3 O-O-O 11. Nd2 Rhg8 12. Ndf3 h6 13. Qe1 Be8 14. c4 dxc4
15. Nxc4 Nh7 16. d4 Kb8 17. dxc5 Qxc5 18. Ba3 Qc7 19. Bxd6 Rxd6 20. Nxd6 Qxd6
21. Qa5 g5 22. Rad1 Qb6 23. Qxb6 axb6 24. fxg5 hxg5 25. Rd8+ Kc7 26. Rfd1 Nf6
27. Ra8 Bc6 28. Rxg8 Nxg8 29. Nxg5 1-0

[Event "CAN-op"]
[Site "Scarborough CAN"]
[Date "1992.??.??"]
[Round "4"]
[White "Angelov, George"]
[Black "Brodie, Hugh"]
[Result "1-0"]
[WhiteElo "2235"]
[BlackElo "2095"]
[PlyCount "79"]
[EventDate "1992.07.18"]
[EventType "swiss"]
[EventRounds "10"]
[EventCountry "CAN"]

1. e4 c5 2. Nc3 Nc6 3. Nf3 g6 4. d4 cxd4 5. Nxd4 Bg7 6. Nde2 Nf6 7. g3 O-O 8.
Bg2 d6 9. O-O a6 10. a4 Bd7 11. h3 Rc8 12. Nd5 Ne5 13. Ra2 Be6 14. b3 Bxd5 15.
exd5 Qc7 16. Be3 Ned7 17. a5 Nc5 18. c4 Ne8 19. Bd4 e5 20. dxe6 fxe6 21. Bxg7
Nxg7 22. Nf4 Nd7 23. Rd2 Qxa5 24. Rxd6 Nc5 25. Nd3 Nxd3 26. Qxd3 Rc7 27. Rd7
Qb6 28. Rxc7 Qxc7 29. Qd4 b6 30. Rd1 a5 31. h4 Rc8 32. Bh3 Nf5 33. Qf6 Qc6 34.
h5 Rf8 35. Qg5 Kf7 36. Bg2 Qc7 37. g4 Ng7 38. hxg6+ hxg6 39. Be4 Rh8 40. Bxg6+
1-0

[Event "CAN-op"]
[Site "Scarborough CAN"]
[Date "1992.??.??"]
[Round "6"]
[White "Vranesic, Zvonko"]
[Black "Brodie, Hugh"]
[Result "1-0"]
[WhiteElo "2410"]
[BlackElo "2095"]
[PlyCount "45"]
[EventDate "1992.07.18"]
[EventType "swiss"]
[EventRounds "10"]
[EventCountry "CAN"]

1. d4 e6 2. c4 f5 3. g3 Nf6 4. Bg2 d5 5. Nh3 c6 6. Qc2 Bd6 7. O-O O-O 8. Bf4
Bxf4 9. Nxf4 Qe8 10. Nc3 dxc4 11. e4 e5 12. dxe5 Qxe5 13. Rfe1 fxe4 14. Nxe4
Bf5 15. Qxc4+ Nd5 16. Nc3 Qf6 17. Ncxd5 cxd5 18. Nxd5 Qd6 19. Ne7+ Kh8 20. Nxf5
Rxf5 21. Re8+ Rf8 22. Rxf8+ Qxf8 23. Bxb7 1-0

[Event "CAN-op"]
[Site "Scarborough CAN"]
[Date "1992.??.??"]
[Round "7"]
[White "Yue (Young), Oliver"]
[Black "Brodie, Hugh"]
[Result "1/2-1/2"]
[WhiteElo "1905"]
[BlackElo "2095"]
[PlyCount "144"]
[EventDate "1992.07.18"]
[EventType "swiss"]
[EventRounds "10"]
[EventCountry "CAN"]

1. d4 e6 2. Nf3 f5 3. g3 Nf6 4. Bg2 d5 5. O-O Bd6 6. b3 Qe7 7. Bb2 O-O 8. Qc1
Nbd7 9. c4 c6 10. Ne5 Ne4 11. f3 Ng5 12. Bc3 Qf6 13. Qb2 f4 14. Nd2 fxg3 15.
hxg3 Qh6 16. Kf2 Nxe5 17. dxe5 Bc5+ 18. Bd4 Bb4 19. Rh1 Qg6 20. Bc3 Bc5+ 21.
Bd4 Bb4 22. Bc3 Bc5+ 23. Bd4 Bb4 24. f4 Bxd2 25. Qxd2 Ne4+ 26. Bxe4 Qxe4 27.
Qd3 Qxd3 28. exd3 Bd7 29. Bc5 Rf7 30. Bd6 Be8 31. Rh2 Rd7 32. Ke3 b6 33. c5 Bg6
34. a4 bxc5 35. Bxc5 d4+ 36. Kd2 a5 37. Rb1 Rb8 38. Bd6 Rb6 39. Bc5 Rb8 40. Kc2
Rdb7 41. g4 Rf7 42. Rf2 h5 43. gxh5 Bxh5 44. Rh1 g6 45. Bxd4 Rfb7 46. Rb1 Bg4
47. Bc5 Rh7 48. Bd6 Rbb7 49. b4 axb4 50. Rxb4 Rxb4 51. Bxb4 Ra7 52. a5 Bf5 53.
Kc3 c5 54. Bxc5 Rxa5 55. Kb4 Ra1 56. Rd2 Rb1+ 57. Ka4 Rf1 58. Kb5 Rxf4 59. Kc6
Rf3 60. d4 Kf7 61. Kd6 g5 62. d5 Rd3 63. Rxd3 Bxd3 64. dxe6+ Ke8 65. Kd5 g4 66.
Kd4 Bf5 67. e7 Be6 68. Ke4 Bd7 69. Kf4 Be6 70. Kg5 Bd7 71. Kf6 g3 72. e6 Bc8
1/2-1/2

[Event "CAN-op"]
[Site "Scarborough CAN"]
[Date "1992.??.??"]
[Round "8"]
[White "Brodie, Hugh"]
[Black "Bond, Hal"]
[Result "1/2-1/2"]
[WhiteElo "2095"]
[BlackElo "1965"]
[PlyCount "52"]
[EventDate "1992.07.18"]
[EventType "swiss"]
[EventRounds "10"]
[EventCountry "CAN"]

1. f4 d5 2. e3 c5 3. Nf3 Nc6 4. b3 Nf6 5. Bb2 g6 6. Bb5 Bd7 7. O-O Bg7 8. Bxc6
Bxc6 9. Qe1 O-O 10. d3 Rc8 11. Nbd2 Ne8 12. Bxg7 Kxg7 13. Ne5 Nd6 14. e4 dxe4
15. dxe4 f6 16. Nxc6 Rxc6 17. c4 Nf7 18. Nf3 Rd6 19. Rd1 Rxd1 20. Qxd1 Qxd1 21.
Rxd1 Rd8 22. Rxd8 Nxd8 23. Nd2 Nc6 24. Nb1 Nd4 25. Nc3 e6 26. Kf2 Kf7 1/2-1/2

[Event "CAN-op"]
[Site "Scarborough CAN"]
[Date "1992.??.??"]
[Round "9"]
[White "Brodie, Hugh"]
[Black "Fodor, John"]
[Result "1-0"]
[WhiteElo "2095"]
[BlackElo "1930"]
[PlyCount "77"]
[EventDate "1992.07.18"]
[EventType "swiss"]
[EventRounds "10"]
[EventCountry "CAN"]

1. f4 d5 2. e3 Nf6 3. Nf3 Bf5 4. b3 e6 5. Bb2 Nbd7 6. Be2 c6 7. O-O h6 8. Ne5
Be7 9. d3 Rg8 10. Bh5 Nxe5 11. fxe5 Nd7 12. Bxf7+ Kxf7 13. e4 Kg6 14. exf5+
exf5 15. Qf3 Qb6+ 16. Kh1 Raf8 17. Nd2 Kh7 18. Qh3 Qb4 19. Rf2 Qc5 20. Raf1 Bg5
21. Nb1 Qa5 22. a4 c5 23. e6 Nf6 24. e7 Rf7 25. Bc3 Qc7 26. Rxf5 d4 27. Be1 Be3
28. Na3 Qxe7 29. Nc4 g6 30. Re5 Qf8 31. Nxe3 dxe3 32. Rxe3 Qd8 33. Ref3 Rgf8
34. Bd2 h5 35. Qh4 Qd6 36. Qg5 Ng4 37. Rxf7+ Rxf7 38. Rxf7+ Kg8 39. Qf4 1-0

[Event "Lakeshore CC ch"]
[Site "Montreal CAN"]
[Date "1992.??.??"]
[Round "1"]
[White "Brodie, Hugh"]
[Black "Diekmeyer, George"]
[Result "1-0"]
[WhiteElo "2050"]
[BlackElo "1750"]
[PlyCount "69"]
[EventDate "1992.??.??"]
[EventType "swiss"]
[EventRounds "6"]
[EventCountry "CAN"]

1. f4 e6 2. Nf3 d5 3. e3 Nf6 4. b3 b6 5. Bb2 Bb7 6. Bb5+ c6 7. Be2 Nbd7 8. O-O
Qc7 9. Qe1 O-O-O 10. d4 Ne4 11. c4 Be7 12. Nc3 Ndf6 13. Rc1 h5 14. cxd5 exd5
15. Nb5 Qb8 16. Ne5 Qa8 17. Nxf7 a6 18. Nc3 Kb8 19. Nxh8 Rxh8 20. Bd3 Ka7 21.
Nxe4 Nxe4 22. Bxe4 dxe4 23. Bc3 Rg8 24. Bb4 Bf6 25. Bd6 g5 26. fxg5 Bxg5 27.
Bf4 Be7 28. Be5 h4 29. Rf7 Qe8 30. Qf2 a5 31. a4 Ka8 32. Bc7 Ka7 33. Qf5 Bc8
34. Qh7 Bb4 35. Be5+ 1-0

[Event "Lakeshore CC ch"]
[Site "Montreal CAN"]
[Date "1992.??.??"]
[Round "2"]
[White "Kolodny, Boris"]
[Black "Brodie, Hugh"]
[Result "1/2-1/2"]
[WhiteElo "1845"]
[BlackElo "2050"]
[PlyCount "21"]
[EventDate "1992.??.??"]
[EventType "swiss"]
[EventRounds "6"]
[EventCountry "CAN"]

1. e4 c5 2. Nf3 Nc6 3. Bc4 g6 4. c3 Bg7 5. O-O d6 6. d4 cxd4 7. Nxd4 Qb6 8. Nf3
Nf6 9. Qc2 Bg4 10. Be3 Qc7 11. Nbd2 1/2-1/2

[Event "Lakeshore CC ch"]
[Site "Montreal CAN"]
[Date "1992.??.??"]
[Round "3"]
[White "Yip, Bill"]
[Black "Brodie, Hugh"]
[Result "1/2-1/2"]
[WhiteElo "1800"]
[BlackElo "2050"]
[PlyCount "92"]
[EventDate "1992.??.??"]
[EventType "swiss"]
[EventRounds "6"]
[EventCountry "CAN"]

1. d4 e6 2. c4 f5 3. Nc3 Nf6 4. e3 Bb4 5. a3 Bxc3+ 6. bxc3 O-O 7. Bd3 d6 8. Nf3
b6 9. O-O Bb7 10. h3 Qe8 11. d5 Ne4 12. Bxe4 fxe4 13. Ng5 exd5 14. cxd5 Qe5 15.
Ne6 Rc8 16. Qg4 Na6 17. Rd1 Nc5 18. Nxc5 bxc5 19. Qe6+ Qxe6 20. dxe6 Re8 21.
Rb1 Ba6 22. a4 Rxe6 23. Ba3 Kf7 24. Rd2 Ree8 25. Rbd1 Bc4 26. Rb1 Ba6 27. g4
Ke6 28. Kg2 Rf8 29. Rc1 Bc4 30. Rb1 Ba6 31. Rc1 Rf3 32. c4 Raf8 33. Bb2 g6 34.
g5 R3f7 35. Bf6 Bb7 36. Rb1 Bc6 37. a5 Kf5 38. Kg3 h6 39. h4 hxg5 40. hxg5 Rh7
41. Rdd1 Ke6 42. Rh1 Rff7 43. Kf4 Kd7 44. Rxh7 Rxh7 45. Rc1 Ke6 46. Rb1 Kf7
1/2-1/2

[Event "Lakeshore CC ch"]
[Site "Montreal CAN"]
[Date "1992.??.??"]
[Round "4"]
[White "Brodie, Hugh"]
[Black "Berson, Jordan"]
[Result "1-0"]
[WhiteElo "2050"]
[BlackElo "1875"]
[PlyCount "73"]
[EventDate "1992.??.??"]
[EventType "swiss"]
[EventRounds "6"]
[EventCountry "CAN"]

1. b3 e6 2. Bb2 c5 3. e3 Nf6 4. f4 Nc6 5. Nf3 d6 6. Bb5 Bd7 7. O-O Qb6 8. Bxc6
Bxc6 9. c4 O-O-O 10. Nc3 e5 11. fxe5 Bxf3 12. Qxf3 dxe5 13. Nd5 Nxd5 14. cxd5
f6 15. Kh1 Bd6 16. e4 Kb8 17. Rfc1 h5 18. d3 Rdf8 19. Rc4 f5 20. Qg3 Qc7 21. b4
f4 22. Qf2 b6 23. d4 exd4 24. Bxd4 Be5 25. bxc5 Bxd4 26. Qxd4 f3 27. cxb6 fxg2+
28. Kxg2 Qf4 29. bxa7+ Ka8 30. Rc3 h4 31. d6 Rh5 32. Kh1 Rg5 33. h3 Qf3+ 34.
Rxf3 Rxf3 35. Kh2 Rgg3 36. Qd5+ Kxa7 37. Qa5+ 1-0

[Event "Lakeshore CC ch"]
[Site "Montreal CAN"]
[Date "1992.??.??"]
[Round "5"]
[White "Leimanis, Andris"]
[Black "Brodie, Hugh"]
[Result "1/2-1/2"]
[WhiteElo "1895"]
[BlackElo "2050"]
[PlyCount "91"]
[EventDate "1992.??.??"]
[EventType "swiss"]
[EventRounds "6"]
[EventCountry "CAN"]

1. e4 c5 2. Nf3 Nc6 3. Bb5 g6 4. O-O Bg7 5. c3 Nf6 6. Re1 O-O 7. h3 d6 8. d4
Qb6 9. Na3 a6 10. dxc5 dxc5 11. Bf1 Rd8 12. Qc2 Qc7 13. Nc4 Be6 14. Be3 Bxc4
15. Bxc4 Ne5 16. Be2 b5 17. c4 b4 18. Rad1 e6 19. Nd2 Nfd7 20. f4 Nc6 21. Nf3
Nd4 22. Qc1 Nb6 23. b3 Nxf3+ 24. Bxf3 Bc3 25. Rf1 Rac8 26. Kh1 f5 27. Qc2 a5
28. a4 Bd4 29. Qf2 Bxe3 30. Qxe3 Kf7 31. e5 Qe7 32. Qf2 Ke8 33. g4 fxg4 34.
hxg4 Rxd1 35. Rxd1 Rd8 36. Bc6+ Kf7 37. Rxd8 Qxd8 38. Qxc5 Qh4+ 39. Kg1 Qxg4+
40. Bg2 Qd1+ 41. Kh2 Nd7 42. Qxa5 Qd2 43. Kg3 Qe3+ 44. Bf3 Qg1+ 45. Bg2 Qe3+
46. Bf3 1/2-1/2

[Event "Lakeshore CC ch"]
[Site "Montreal CAN"]
[Date "1992.??.??"]
[Round "6"]
[White "Brodie, Hugh"]
[Black "Newman, Doug"]
[Result "1-0"]
[WhiteElo "2050"]
[BlackElo "1925"]
[PlyCount "73"]
[EventDate "1992.??.??"]
[EventType "swiss"]
[EventRounds "6"]
[EventCountry "CAN"]

1. b3 d5 2. Bb2 c5 3. e3 Nc6 4. f4 Nf6 5. Bb5 e6 6. Nf3 Bd7 7. O-O g6 8. Bxc6
Bxc6 9. d3 Bg7 10. Qe1 O-O 11. Nbd2 b5 12. Ne5 Bb7 13. Ndf3 Rc8 14. c4 bxc4 15.
dxc4 Ne4 16. Rd1 Qc7 17. Qh4 Qd8 18. Qe1 Qc7 19. Nd2 Nxd2 20. Rxd2 Rfd8 21. Qc1
f6 22. Ng4 Qe7 23. Qa1 Rf8 24. Rfd1 Rcd8 25. h3 h5 26. Nh2 e5 27. fxe5 fxe5 28.
cxd5 Qg5 29. Nf1 Rxf1+ 30. Rxf1 Qxe3+ 31. Rdf2 Bxd5 32. Re1 Qg5 33. Bxe5 Rf8
34. Bxg7 Rxf2 35. Re8+ Kf7 36. Rf8+ Ke7 37. Rxf2 1-0

[Event "National op"]
[Site "Las Vegas USA"]
[Date "1992.??.??"]
[Round "1"]
[White "Brodie, Hugh"]
[Black "Massey, Robert"]
[Result "1/2-1/2"]
[WhiteElo "1970"]
[BlackElo "1765"]
[PlyCount "109"]
[EventDate "1992.??.??"]
[EventType "swiss"]
[EventRounds "6"]
[EventCountry "USA"]

1. f4 Nf6 2. Nf3 c5 3. e3 Nc6 4. b3 d6 5. Bb2 a6 6. Be2 g6 7. O-O Bg7 8. Qe1
Nb4 9. Bd1 O-O 10. a3 Nc6 11. d3 b5 12. Nbd2 Re8 13. Kh1 e5 14. fxe5 Nxe5 15.
Nxe5 dxe5 16. Qf2 Ra7 17. e4 Qd6 18. b4 Rc7 19. bxc5 Qxc5 20. Nb3 Qxf2 21. Rxf2
Ng4 22. Bxg4 Bxg4 23. Raf1 Be6 24. Nc1 Rec8 25. c3 Bh6 26. h3 f5 27. exf5 Bxf5
28. g4 Be6 29. Ne2 Be3 30. Rf6 Bd5+ 31. Kh2 Rc6 32. Rxc6 Rxc6 33. Bc1 Bc5 34.
Bb2 Bd6 35. Kg1 a5 36. Ng3 Bc5+ 37. Kh2 Re6 38. Bc1 Kg7 39. Ne4 Bxe4 40. dxe4
Rd6 41. Kg2 Rd3 42. Rf3 Rd1 43. Rf1 Rd7 44. Rf3 Rc7 45. Kf1 Bb6 46. Ke2 b4 47.
axb4 axb4 48. Bd2 bxc3 49. Rxc3 Ra7 50. Rb3 Bd4 51. Be3 Rd7 52. Rd3 Kf6 53. g5+
Ke6 54. Ra3 Bxe3 55. Kxe3 1/2-1/2

[Event "National op"]
[Site "Las Vegas USA"]
[Date "1992.??.??"]
[Round "2"]
[White "Nyman, William"]
[Black "Brodie, Hugh"]
[Result "1/2-1/2"]
[WhiteElo "1745"]
[BlackElo "1970"]
[PlyCount "52"]
[EventDate "1992.??.??"]
[EventType "swiss"]
[EventRounds "6"]
[EventCountry "USA"]

1. e4 c5 2. Nc3 Nc6 3. Nf3 g6 4. d3 Bg7 5. Be3 d6 6. Qd2 Rb8 7. d4 cxd4 8. Nxd4
Qa5 9. Bb5 Bd7 10. Nb3 Bxc3 11. Nxa5 Bxd2+ 12. Bxd2 Nxa5 13. Bxd7+ Kxd7 14.
Bxa5 Nf6 15. Bc3 Ke6 16. Ke2 Rhc8 17. f3 b5 18. Rac1 Nd7 19. Bd4 Rc4 20. Rhd1
Rbc8 21. c3 f6 22. Rd2 Ne5 23. Bxe5 fxe5 24. g3 g5 25. h4 g4 26. Ke3 gxf3
1/2-1/2

[Event "National op"]
[Site "Las Vegas USA"]
[Date "1992.??.??"]
[Round "3"]
[White "Brodie, Hugh"]
[Black "Wojcio, Michael"]
[Result "1-0"]
[WhiteElo "1970"]
[BlackElo "1775"]
[PlyCount "91"]
[EventDate "1992.??.??"]
[EventType "swiss"]
[EventRounds "6"]
[EventCountry "USA"]

1. f4 e5 2. fxe5 d6 3. exd6 Bxd6 4. Nf3 g5 5. g3 g4 6. Nh4 Ne7 7. d4 Ng6 8. Ng2
Bf5 9. Ne3 Be4 10. Bg2 Qe7 11. Nc3 Bxg2 12. Nxg2 Nd7 13. O-O O-O-O 14. Nb5 Nc5
15. Nxd6+ Rxd6 16. Rf5 Ne4 17. c3 h5 18. Qb3 f6 19. Nf4 Nxf4 20. Bxf4 Rb6 21.
Rb5 Rxb5 22. Qxb5 Qh7 23. Rf1 h4 24. gxh4 Kb8 25. Bg3 Qe7 26. Qf5 Nxg3 27. hxg3
Qxe2 28. Qxf6 Re8 29. Qf2 Qe4 30. Qf4 Qe2 31. Rf2 Qe1+ 32. Kg2 Qe6 33. Qf5 Qg8
34. Qf7 Qh8 35. h5 Rc8 36. Rf6 c5 37. d5 c4 38. h6 Rc7 39. Qf8+ Rc8 40. Qxh8
Rxh8 41. Kf2 Kc8 42. Ke3 Kd8 43. Kf4 Ke7 44. Kf5 Rd8 45. d6+ Kd7 46. h7 1-0

[Event "National op"]
[Site "Las Vegas USA"]
[Date "1992.??.??"]
[Round "4"]
[White "Martino, William"]
[Black "Brodie, Hugh"]
[Result "1/2-1/2"]
[WhiteElo "1860"]
[BlackElo "1970"]
[PlyCount "81"]
[EventDate "1992.??.??"]
[EventType "swiss"]
[EventRounds "6"]
[EventCountry "USA"]

1. d4 e6 2. c4 f5 3. g3 Nf6 4. Bg2 d5 5. Nf3 c6 6. cxd5 exd5 7. O-O Bd6 8. Bg5
O-O 9. Nc3 Qe8 10. Nd2 Ne4 11. Bf4 Bxf4 12. gxf4 Nd7 13. f3 Nxc3 14. bxc3 Qe3+
15. Kh1 Nf6 16. Rg1 Nh5 17. Nf1 Qxf4 18. e3 Qh6 19. f4 Re8 20. Bf3 Nf6 21. Qc2
Ne4 22. Re1 Qh4 23. Re2 Be6 24. Reg2 Re7 25. Bxe4 fxe4 26. Qe2 Bh3 27. Rg5 Bxf1
28. Qxf1 Rf8 29. R1g4 Qh6 30. Qf2 Rff7 31. Qg3 Qd6 32. h4 Qa3 33. f5 Qc1+ 34.
Kh2 Qd2+ 35. Kh3 Qd1 36. Rxg7+ Rxg7 37. Rxg7+ Rxg7 38. Qb8+ Kf7 39. Qxb7+ Kf8
40. Qc8+ Ke7 41. Qc7+ 1/2-1/2

[Event "National op"]
[Site "Las Vegas USA"]
[Date "1992.??.??"]
[Round "5"]
[White "Brodie, Hugh"]
[Black "Pieroni, Paul"]
[Result "1-0"]
[WhiteElo "1970"]
[BlackElo "1825"]
[PlyCount "69"]
[EventDate "1992.??.??"]
[EventType "swiss"]
[EventRounds "6"]
[EventCountry "USA"]

1. f4 e6 2. Nf3 d5 3. e3 Nf6 4. b3 Bd7 5. Bb2 Be7 6. Bd3 c5 7. O-O Nc6 8. Nc3
Qb6 9. Bb5 d4 10. Bxc6 Bxc6 11. Nb1 dxe3 12. dxe3 O-O 13. c4 Rad8 14. Qe2 Be4
15. Ne5 Bd6 16. Ng4 Be7 17. Ne5 Rd6 18. Nc3 Rfd8 19. Rad1 Qa5 20. Rxd6 Rxd6 21.
Rd1 Qd8 22. Rxd6 Qxd6 23. Nb5 Qb6 24. Qd2 Bc6 25. Nc3 Ne4 26. Qe2 Nxc3 27. Bxc3
Be4 28. Ng4 f6 29. Nf2 Bg6 30. e4 Kf7 31. g4 f5 32. exf5 exf5 33. Bxg7 fxg4 34.
Nxg4 Qe6 35. Nh6+ 1-0

[Event "National op"]
[Site "Las Vegas USA"]
[Date "1992.??.??"]
[Round "6"]
[White "Olefer, Nicholas"]
[Black "Brodie, Hugh"]
[Result "0-1"]
[WhiteElo "1800"]
[BlackElo "1970"]
[PlyCount "68"]
[EventDate "1992.??.??"]
[EventType "swiss"]
[EventRounds "6"]
[EventCountry "USA"]

1. e4 c5 2. Nf3 Nc6 3. d4 cxd4 4. Nxd4 g6 5. Nc3 Bg7 6. Be3 Nf6 7. f3 Qb6 8.
Na4 Qa5+ 9. c3 d6 10. Nxc6 bxc6 11. b4 Qc7 12. Rc1 Be6 13. c4 O-O 14. Be2 Qb7
15. a3 Nd7 16. O-O f5 17. Qd2 Rac8 18. Bd4 c5 19. Bxg7 Kxg7 20. Qc3+ Kg8 21. b5
fxe4 22. Qe3 Nf6 23. Nc3 Bf5 24. g4 Bd7 25. g5 Nh5 26. fxe4 Ng7 27. Nd5 Be6 28.
Nf4 Bd7 29. e5 Nf5 30. Qd3 dxe5 31. Bf3 Qc7 32. Nd5 Qd6 33. Bg4 Nd4 34. Bxd7
Qxd7 0-1

[Event "RA Winter op"]
[Site "Ottawa CAN"]
[Date "1992.??.??"]
[Round "1"]
[White "Brodie, Hugh"]
[Black "Haukenfrers, Dale"]
[Result "1-0"]
[WhiteElo "2085"]
[BlackElo "1985"]
[PlyCount "47"]
[EventDate "1992.??.??"]
[EventType "swiss"]
[EventRounds "5"]
[EventCountry "CAN"]

1. f4 d5 2. e3 Nf6 3. Nf3 g6 4. d4 Bg7 5. Bd3 O-O 6. O-O c5 7. c3 cxd4 8. exd4
e6 9. Nbd2 b6 10. Qe2 Nh5 11. Ne5 Qe8 12. Ndf3 f6 13. Bb5 Qe7 14. Nc6 Qc7 15.
Nxb8 Rxb8 16. g3 Ra8 17. Bd2 a6 18. Bd3 b5 19. Nh4 Qf7 20. g4 Bb7 21. gxh5 gxh5
22. Rf3 Kh8 23. Rg3 Qe7 24. Qxh5 1-0

[Event "RA Winter op"]
[Site "Ottawa CAN"]
[Date "1992.??.??"]
[Round "2"]
[White "Bourgeois, Richard"]
[Black "Brodie, Hugh"]
[Result "1/2-1/2"]
[WhiteElo "2005"]
[BlackElo "2085"]
[PlyCount "36"]
[EventDate "1992.??.??"]
[EventType "swiss"]
[EventRounds "5"]
[EventCountry "CAN"]

1. e4 c5 2. c3 d5 3. exd5 Qxd5 4. d4 Nf6 5. Nf3 e6 6. Bd3 cxd4 7. cxd4 Nc6 8.
Nc3 Bb4 9. O-O Qh5 10. Bg5 Be7 11. Nb5 O-O 12. Nc7 Rb8 13. Bf4 Rd8 14. Nb5 Ra8
15. Nc7 Rb8 16. Nb5 Ra8 17. Nc7 Rb8 18. Nb5 Ra8 1/2-1/2